[Event "EU-ch U10 26th"]
[Site "Prague"]
[Date "2016.08.26"]
[Round "8"]
[White "Thorisson, Benedikt"]
[Black "Shelukhin, Ivan"]
[Result "1/2-1/2"]
[WhiteElo "1265"]
[BlackElo "1158"]
[PlyCount "73"]
[EventDate "2016.08.18"]
[EventType "swiss"]
[EventRounds "9"]
[EventCountry "CZE"]
[SourceTitle "CBM 174 Extra"]
[Source "ChessBase"]
[SourceDate "2016.10.10"]
[SourceVersion "1"]
[SourceVersionDate "2016.10.10"]
[SourceQuality "1"]

1. e4 e5 2. Nf3 Nc6 3. d4 exd4 4. Bc4 Bc5 5. 0-0 d6 6. Ng5 Ne5 7. Qe2 h6 8. Nf3 Bg4 9. Nbd2 a6 10. h3 Bh5 11. Bd5 c6 12. Bc4 Nf6 13. b3 0-0 14. Bb2 Bxf3 15. Nxf3 Nxc4 16. Qxc4 Nxe4 17. Rad1 d5 18. Qd3 Qb6 19. Nxd4 Rfe8 20. c4 dxc4 21. Qxc4 Bb4 22. Nf5 Nd2 23. Qg4 g6 24. Nxh6+ Kf8 25. Qf4 Re7 26. Qf6 Ke8 27. Qh8+ Kd7 28. Qxa8 Re8 29. Bd4 Rxa8 30. Bxb6 c5 31. Rfe1 Kc6 32. Bxc5 Kxc5 33. Re2 Rd8 34. a3 Nf3+ 35. gxf3 Rxd1+ 36. Kg2 Bxa3 37. Ng4 1/2-1/2

[Event "EU-ch U10 26th"]
[Site "Prague"]
[Date "2016.08.18"]
[Round "1"]
[White "Han, Yichen"]
[Black "Shelukhin, Ivan"]
[Result "1-0"]
[WhiteElo "1627"]
[BlackElo "1158"]
[PlyCount "41"]
[EventDate "2016.08.18"]
[EventType "swiss"]
[EventRounds "9"]
[EventCountry "CZE"]
[SourceTitle "CBM 174 Extra"]
[Source "ChessBase"]
[SourceDate "2016.10.10"]
[SourceVersion "1"]
[SourceVersionDate "2016.10.10"]
[SourceQuality "1"]

1. e4 e5 2. Nf3 Nc6 3. Bc4 Bc5 4. c3 Nf6 5. d4 exd4 6. cxd4 Bb4+ 7. Nc3 Nxe4 8. 0-0 Bxc3 9. d5 Ne7 10. bxc3 Nd6 11. Bb3 0-0 12. Bg5 h6 13. Bf4 Ne4 14. Qd4 Nf6 15. d6 Nc6 16. Qd3 cxd6 17. Bxd6 Re8 18. Rfe1 Na5 19. Bc2 b6 20. Rxe8+ Nxe8 21. Qh7# 1-0